Administrative Divisions in Latvia with Map - Statistics

General Stats
  • This quiz has been taken 732 times
    731 since last reset
  • The average score is 41 of 119
Answers on the Map
Answers color-coded by a green-red scale on the quiz's map according to % correct below.
 
Answer Stats
Entity Type Name Population % Correct
City Riga 658640
99%
City Daugavpils 93312
81%
Municipality Daugavpils 25127
81%
City Liepāja 76731
73%
City Ventspils 38750
73%
Municipality Ventspils 12139
73%
City Jūrmala 50840
71%
City Rēzekne 32328
67%
Municipality Rēzekne 28208
67%
City Jelgava 59511
66%
Municipality Jelgava 24649
66%
City Valmiera 25130
62%
Municipality Cēsis 18246
58%
Municipality Ogre 36202
58%
Municipality Sala 3796
58%
City Jēkabpils 24635
57%
Municipality Jēkabpils 5087
57%
Municipality Tukums 30614
57%
Municipality Talsi 31219
55%
Municipality Sigulda 16729
54%
Municipality Kuldīga 24850
53%
Municipality Bauska 25561
52%
Municipality Madona 25118
52%
Municipality Saldus 25604
50%
Municipality Valka 9299
50%
Municipality Alūksne 17177
49%
Municipality Limbaži 17781
49%
Municipality Salaspils 22391
48%
Municipality Gulbene 22794
44%
Municipality Krāslava 17506
44%
Municipality Salacgrīva 8323
43%
Municipality Olaine 20116
42%
Municipality Saulkrasti 5855
42%
Municipality Ādaži 10027
41%
Municipality Mārupe 15950
41%
Municipality Dobele 22216
40%
Municipality Roja 3972
40%
Municipality Balvi 14154
39%
Municipality Aizkraukle 8984
38%
Municipality Ludza 14226
38%
Municipality Dundaga 4228
37%
Municipality Ķekava 21913
37%
Municipality Pāvilosta 2850
37%
Municipality Smiltene 13078
36%
Municipality Engure 7575
35%
Municipality Kandava 8885
35%
Municipality Preiļi 10696
35%
Municipality Grobiņa 9345
34%
Municipality Zilupe 3353
34%
Municipality Carnikava 6712
33%
Municipality Babīte 9408
32%
Municipality Ikšķile 8798
32%
Municipality Kārsava 6278
32%
Municipality Ape 3834
31%
Municipality Auce 7345
31%
Municipality Mērsrags 1638
31%
Municipality Rūjiena 5577
31%
Municipality Dagda 8286
30%
Municipality Jaunjelgava 5797
30%
Municipality Līvāni 12496
30%
Municipality Nīca 3579
30%
Municipality Ropaži 6904
29%
Municipality Jaunpils 2450
28%
Municipality Lielvārde 10388
28%
Municipality Iecava 9059
27%
Municipality Varakļāni 3560
27%
Municipality Aglona 3930
26%
Municipality Aloja 5316
26%
Municipality Ērgļi 3193
26%
Municipality Ilūkste 7994
26%
Municipality Rundāle 3698
26%
Municipality Aizpute 9265
25%
Municipality Alsunga 1470
25%
Municipality Baldone 5478
25%
Municipality Brocēni 6233
25%
Municipality Līgatne 3684
25%
Municipality Mazsalaca 3460
25%
Municipality Priekule 5837
24%
Municipality Skrunda 5313
24%
Municipality Durbe 3048
23%
Municipality Rucava 1814
23%
Municipality Cesvaine 2802
22%
Municipality Garkalne 7768
22%
Municipality Ķegums 5735
22%
Municipality Koknese 5445
22%
Municipality Krustpils 6086
22%
Municipality Tērvete 3687
22%
Municipality Jaunpiebalga 2390
21%
Municipality Mālpils 3626
21%
Municipality Ozolnieki 9753
21%
Municipality Pļaviņas 5680
21%
Municipality Vecpiebalga 4161
21%
Municipality Aknīste 2967
20%
Municipality Burtnieki 8307
20%
Municipality Nereta 3878
19%
Municipality Vecumnieki 8786
19%
Municipality Viļaka 5665
19%
Municipality Lubāna 2537
18%
Municipality Priekuļi 8365
18%
Municipality Viļāni 6409
18%
Municipality Amata 5667
17%
Municipality Baltinava 1177
17%
Municipality Beverīna 3260
17%
Municipality Inčukalns 7935
17%
Municipality Rauna 3592
17%
Municipality Viesīte 4133
17%
Municipality Strenči 3827
16%
Municipality Vaiņode 2613
16%
Municipality Kocēni 6311
15%
Municipality Krimulda 5323
15%
Municipality Sēja 2293
15%
Municipality Naukšēni 1987
14%
Municipality Pārgauja 3953
14%
Municipality Skrīveri 3708
14%
Municipality Riebiņi 5536
13%
Municipality Stopiņi 10096
13%
Municipality Rugāji 2363
12%
Municipality Vārkava 2113
12%
Municipality Cibla 2875
11%
No matching quizzes found
Score Distribution
Percent of People with Each Score
Percentile by Number Answered
Your Score History
You have not taken this quiz since the last reset